000 01103cam a22003134a 4500
001 13082860
003 OSt
005 20211001090242.0
008 030205s2004 maua 001 0 eng
010 _a 2003044959
020 _a0072549025 (hbk. : alk. paper)
020 _a007121447X (international : alk. paper)
040 _aDLC
_cHU
_dDLC
042 _apcc
050 0 0 _aHB171.5
_b.C788 2004
082 0 0 _a330
_221
100 1 _aColander, David C.
_98910
245 1 0 _aEconomics /
_cDavid C. Colander.
250 _a5th ed.
260 _aBoston :
_bMcGraw-Hill/Irwin,
_c2004.
300 _a1 v. (various pagings) :
_bill. (some col.) ;
_c27 cm.
500 _aIncludes index.
650 0 _aEconomics.
_96695
856 4 2 _3Publisher description
_uhttp://www.loc.gov/catdir/description/mh031/2003044959.html
856 4 1 _3Table of contents
_uhttp://www.loc.gov/catdir/toc/mh031/2003044959.html
906 _a7
_bcbc
_corignew
_d1
_eocip
_f20
_gy-gencatlg
942 _2ddc
_cBOOKS
_n0
999 _c8240
_d8240